Natural disasters

Bibliographic Details
Main Author: Davis, Lee
Format: Book
Published: New York : Checkmark Books , 2008
Edition:New ed
Subjects:

MARC

LEADER 00000cam a2200000 7i4500
001 0000128185
005 20090710.0
020 |a 0816070016 
090 0 0 |a 904.5   |b DAV 
100 1 |a Davis, Lee 
245 1 0 |a Natural disasters   |c Lee Davis 
250 |a New ed 
260 |a New York :   |b Checkmark Books ,   |c 2008 
300 |a 464p. ;   |c 28cm. 
650 0 0 |a Natural disasters 
999 |a 00223210   |b BUKU   |c PINJAMAN   |e PERPUSTAKAAN KOMUNITI PETALING JAYA